Quiz do Líbano - Statistics

Estatísticas Gerais
  • Esse quiz foi jogado 1 118 vezes
  • A pontuação média é 7 de 17
Estatísticas das Respostas
Dica Resposta % Correto
Língua oficial Árabe
93%
Países fazendo fronteira com o Líbano Israel
89%
Capital Beirute
87%
Países fazendo fronteira com o Líbano Síria
86%
País europeu que teve um "mandato" para governar o Líbano, entre 1923 a 1946 França
61%
Tipo de árvore representada na bandeira Cedro
36%
Apelido da cidade acima A {Paris} do Oriente Médio
33%
Civilização antiga do Líbano que fundou colônias em todo o Mediterrâneo Fenícia
29%
Partido político xiita considerado uma organização terrorista pela UE Hezbollah
29%
Segunda maior cidade (dica: também é um nome de uma capital africana) Trípoli
29%
Região começando com L que o Líbano faz parte Levante
25%
Moeda oficial Libra
25%
Nome bíblico para um deus da cidade acima que alguns israelitas adoravam Baal
20%
Cidade principal da civilização acima, que Alexandre, o Grande conquistou e transformou a ilha em uma península Tiro
17%
Maior denominação cristã no Líbano Igreja {Maronita}
15%
Advogada libanesa que se casou com George Clooney {Amal} Clooney
13%
Religião local que incorpora elementos do Islã, Cristianismo, Hinduísmo, e filosofia grega (dica: começa com D) Drusos
12%
Nenhum quiz correspondente encontrado
Distribuição das Pontuações
Porcentagem de Pessoas com Cada Pontuação
Percentil de Números Respondidos
Sua Pontuação Histórica
Você não jogou esse quiz